| 000 | 00544nam a2200181Ia 4500 | ||
|---|---|---|---|
| 003 | GCL | ||
| 008 | 140319s9999 xx 000 0 ara d | ||
| 040 |
_aGCL / _cGCL |
||
| 082 | 0 | 4 |
_aد _b050 |
| 100 | 1 | _aمحمد عمارة | |
| 245 | 1 | 0 |
_aالعرب والتحدى (عالم المعرفة 29) / _cمحمد عمارة |
| 490 |
_aعالم المعرفة _v0 |
||
| 650 | 0 | 4 | _aالعالم العربى |
| 650 | 0 | 4 | _aالعرب |
| 650 | 0 | 4 | _aالعالم العربى - تاريخ |
| 650 | 0 | 4 | _aالشخصية القهرية |
| 942 |
_2ddc _cBK |
||
| 999 |
_c50251 _d50251 |
||